00194nam a2200085Ia 4500008004100000041000800041100001700049245001600066260002600082231212s1987 xx 000 0 und d aeng aMileaf Harry aElectricity aBombaybWiley Ec1987